[Event "Euskadi-chT (Vasca) Div 1st"]
[Site "Bergara"]
[Date "2018.01.13"]
[Round "1.3"]
[White "Idiazabal Troyas, Aritz"]
[Black "Segovia Sanchez, Antonio"]
[Result "1-0"]
[WhiteElo "2015"]
[BlackElo "2045"]
[PlyCount "85"]
[EventDate "2018.01.13"]
[EventType "team-tourn"]
[EventRounds "9"]
[EventCountry "ESP"]
[SourceTitle "EXT 2020"]
[Source "ChessBase"]
[SourceDate "2019.10.17"]
[SourceVersion "1"]
[SourceVersionDate "2019.10.17"]
[SourceQuality "1"]
[WhiteTeam "Endroke"]
[BlackTeam "Easo Xake Taldea"]
[WhiteTeamCountry "ESP"]
[BlackTeamCountry "ESP"]

1. e4 g6 2. d4 Bg7 3. f4 d6 4. Nf3 e6 5. Bd3 Ne7 6. 0-0 0-0 7. c3 b6 8. Qe2 Bb7 9. f5 Qd7 10. Nh4 exf5 11. exf5 Nd5 12. Nd2 g5 13. Ne4 f6 14. c4 Nb4 15. Nf3 Nxd3 16. Qxd3 Nc6 17. d5 Nb4 18. Qc3 Qxf5 19. Nfd2 Nxd5 20. Rxf5 Nxc3 21. Nxc3 Rae8 22. Nd5 c6 23. Nc3 Bc8 24. Rf1 f5 25. Nb3 f4 26. Bd2 Ba6 27. Rfe1 Bxc4 28. Ne4 Bxb2 29. Rab1 d5 30. Nxg5 Bf6 31. Ne6 Rf7 32. Nxf4 Rxe1+ 33. Rxe1 Be7 34. g3 a5 35. Re6 a4 36. Nc1 Bc5+ 37. Kg2 Bb5 38. Ncd3 Bd4 39. Re8+ Kg7 40. Ne6+ Kf6 41. Nxd4 Bxd3 42. Re6+ Kg7 43. Bh6+ 1-0

[Event "San Sebastian op 39th"]
[Site "San Sebastian"]
[Date "2016.03.22"]
[Round "5"]
[White "Segovia Sanchez, Antonio"]
[Black "Santos Latasa, Jaime"]
[Result "0-1"]
[WhiteElo "2074"]
[BlackElo "2531"]
[PlyCount "92"]
[EventDate "2016.03.19"]
[EventType "swiss"]
[EventRounds "9"]
[EventCountry "ESP"]
[SourceTitle "CBM 171 Extra"]
[Source "ChessBase"]
[SourceDate "2016.04.26"]
[SourceVersion "1"]
[SourceVersionDate "2016.04.26"]
[SourceQuality "1"]

1. d4 Nf6 2. Bf4 d5 3. e3 c5 4. Nf3 Nc6 5. Nc3 a6 6. a3 e6 7. Be2 Be7 8. h3 0-0 9. 0-0 b5 10. Ne5 Bb7 11. Bf3 Nxe5 12. Bxe5 Rc8 13. Ne2 Re8 14. c3 a5 15. Bf4 Nd7 16. g4 Nb6 17. Qd3 Nc4 18. b3 Nxa3 19. dxc5 b4 20. cxb4 axb4 21. e4 dxe4 22. Bxe4 Qxd3 23. Bxd3 Red8 24. Rfd1 Rxc5 25. Be3 Rcc8 26. Bb6 Rd6 27. Ba5 Rd5 28. Bb6 Bf6 29. Ra2 g5 30. Ng3 Be5 31. Nf1 Rc6 32. Ba7 Rcd6 33. Bb8 Rxd3 34. Rxd3 Rxd3 35. Bxe5 Rxb3 36. Rd2 Bd5 37. Bf6 Rxh3 38. Ng3 Rh4 39. f3 h6 40. Rd4 Nc2 41. Rd1 Rh3 42. Nf5 Kh7 43. Rd2 Ne1 44. Rd1 Nxf3+ 45. Kg2 Rh2+ 46. Kg3 Rd2 0-1

[Event "San Sebastian Primavera de Gros op 11th"]
[Site "San Sebastian"]
[Date "2015.05.23"]
[Round "5"]
[White "Sanchez Ruesga, Hector"]
[Black "Segovia Sanchez, Antonio"]
[Result "1-0"]
[WhiteElo "2099"]
[BlackElo "2093"]
[PlyCount "45"]
[EventDate "2015.04.25"]
[EventType "swiss"]
[EventRounds "8"]
[EventCountry "ESP"]
[SourceTitle "EXT 2019"]
[Source "ChessBase"]
[SourceDate "2018.10.10"]
[SourceVersion "1"]
[SourceVersionDate "2018.10.10"]
[SourceQuality "1"]

1. d4 e6 2. c4 Nf6 3. Nf3 d5 4. g3 a6 5. Bg2 dxc4 6. 0-0 Nbd7 7. a4 Bb4 8. Nbd2 0-0 9. Nxc4 Rb8 10. a5 b5 11. axb6 Nxb6 12. Nfe5 Nxc4 13. Nc6 Qd6 14. Nxb8 Na5 15. Qc2 c5 16. Bf4 Qb6 17. dxc5 Bxc5 18. b4 Bxb4 19. Bc7 Qa7 20. Bxa5 Bxa5 21. Nc6 Qc7 22. Rxa5 Bb7 23. Rc1 1-0

[Event "San Sebastian op 38th"]
[Site "San Sebastian"]
[Date "2015.03.31"]
[Round "5"]
[White "Cross, Dominic"]
[Black "Segovia Sanchez, Antonio"]
[Result "0-1"]
[WhiteElo "1968"]
[BlackElo "2072"]
[PlyCount "93"]
[EventDate "2015.03.28"]
[EventType "swiss"]
[EventRounds "9"]
[EventCountry "ESP"]
[SourceTitle "CBM 165 Extra"]
[Source "ChessBase"]
[SourceDate "2015.04.21"]
[SourceVersion "1"]
[SourceVersionDate "2015.04.21"]
[SourceQuality "1"]

1. d4 d5 2. c4 c6 3. Nf3 Nf6 4. Nc3 a6 5. e3 Bg4 6. c5 Nbd7 7. Qb3 Ra7 8. a4 Bxf3 9. gxf3 e5 10. a5 g6 11. Bh3 Bg7 12. 0-0 0-0 13. Qb4 Qc7 14. Ne2 Raa8 15. Kh1 Rfe8 16. dxe5 Nxe5 17. f4 Nd3 18. Qa3 Nxc1 19. Raxc1 Ne4 20. b4 Nd2 21. Rg1 Nc4 22. Qd3 Re7 23. Nd4 Rae8 24. Rg3 Re4 25. Bg2 Rxd4 26. exd4 Qxf4 27. Rf1 Qxd4 28. Qxd4 Bxd4 29. Rd3 Bf6 30. f4 Re2 31. Bh3 Rb2 32. f5 g5 33. Re1 Rxb4 34. Bf1 Rb5 35. Rde3 Rxc5 36. Re8+ Kg7 37. Rb8 Ne5 38. Rxb7 Rxa5 39. Ra7 c5 40. Rxa6 Rxa6 41. Bxa6 c4 42. Rd1 Nd3 43. Kg2 Be5 44. Bb7 c3 45. Rxd3 c2 46. Bxd5 c1Q 47. Bf3 0-1

[Event "San Sebastian op 38th"]
[Site "San Sebastian"]
[Date "2015.03.29"]
[Round "3"]
[White "Ouadi, Wahbi"]
[Black "Segovia Sanchez, Antonio"]
[Result "1-0"]
[WhiteElo "1896"]
[BlackElo "2072"]
[PlyCount "55"]
[EventDate "2015.03.28"]
[EventType "swiss"]
[EventRounds "9"]
[EventCountry "ESP"]
[SourceTitle "CBM 165 Extra"]
[Source "ChessBase"]
[SourceDate "2015.04.21"]
[SourceVersion "1"]
[SourceVersionDate "2015.04.21"]
[SourceQuality "1"]

1. e4 e6 2. f4 d5 3. e5 c5 4. Nf3 Ne7 5. c3 Nbc6 6. Na3 Nf5 7. Bd3 Nh6 8. 0-0 Be7 9. Bc2 0-0 10. d4 f6 11. exf6 Bxf6 12. dxc5 Qe7 13. Be3 Ng4 14. Qd3 g6 15. Bd4 e5 16. fxe5 Ncxe5 17. Nxe5 Nxe5 18. Bxe5 Qxe5 19. Rae1 Qg5 20. Bb3 Rd8 21. Qf3 Kg7 22. Nb5 Bg4 23. Qf4 Rac8 24. Nd6 Rc6 25. Ne8+ Rxe8 26. Rxe8 Rxc5 27. Qd6 d4 28. Qf8# 1-0

[Event "Benidorm op U2300 13th"]
[Site "Benidorm"]
[Date "2014.12.05"]
[Round "8"]
[White "Tocco, Paolo"]
[Black "Segovia Sanchez, Antonio"]
[Result "1-0"]
[WhiteElo "2141"]
[BlackElo "2043"]
[PlyCount "58"]
[EventDate "2014.11.28"]
[EventType "swiss"]
[EventRounds "10"]
[EventCountry "ESP"]
[SourceTitle "CBM 163 Extra"]
[Source "ChessBase"]
[SourceDate "2014.12.23"]
[SourceVersion "1"]
[SourceVersionDate "2014.12.23"]
[SourceQuality "1"]

1. e4 c6 2. d4 d5 3. f3 e6 4. Nc3 Nf6 5. Be3 Bb4 6. a3 Bxc3+ 7. bxc3 dxe4 8. fxe4 Nxe4 9. Qg4 Qa5 10. Ne2 Qf5 11. Qxg7 Qf6 12. Qg4 Nd6 13. Ng3 Qe7 14. Bd3 f5 15. Qh5+ Qf7 16. 0-0 Qxh5 17. Nxh5 0-0 18. Rf3 Kh8 19. Bg5 Ne8 20. Bc4 b5 21. Bb3 Na6 22. Bf4 Kg8 23. Bh6 Rf7 24. Rg3+ Kh8 25. Bf4 h6 26. Rg6 Nac7 27. Re1 Nd5 28. Bxd5 cxd5 29. Re3 Kh7 1-0

[Event "Benidorm op U2300 13th"]
[Site "Benidorm"]
[Date "2014.11.28"]
[Round "1"]
[White "Segovia Sanchez, Antonio"]
[Black "Serna Lara, Sergio"]
[Result "0-1"]
[WhiteElo "2043"]
[BlackElo "2230"]
[PlyCount "70"]
[EventDate "2014.11.28"]
[EventType "swiss"]
[EventRounds "10"]
[EventCountry "ESP"]
[SourceTitle "CBM 163 Extra"]
[Source "ChessBase"]
[SourceDate "2014.12.23"]
[SourceVersion "1"]
[SourceVersionDate "2014.12.23"]
[SourceQuality "1"]

1. d4 e6 2. Bf4 Nf6 3. e3 c5 4. c3 Nc6 5. Nf3 Nh5 6. Bg5 Qb6 7. Qb3 h6 8. Bh4 g5 9. Bg3 Nxg3 10. hxg3 Bg7 11. dxc5 Qxc5 12. Nbd2 d5 13. Be2 e5 14. Rc1 0-0 15. Nh2 Be6 16. Qa4 f5 17. 0-0 a6 18. c4 d4 19. Nb3 Qb6 20. exd4 exd4 21. Rfe1 Bf7 22. Nf3 Rad8 23. Bd3 Qb4 24. Qxb4 Nxb4 25. Bxf5 Nxa2 26. Ra1 Bxc4 27. Nbxd4 Rfe8 28. Nc2 Rxe1+ 29. Rxe1 b5 30. Re7 a5 31. Nh2 Rd1+ 32. Ne1 Bxb2 33. Ng4 Kf8 34. Re3 Bd4 35. Re4 Nc3 0-1

[Event "Gipuzkoa-ch"]
[Site "Donostia"]
[Date "2014.10.25"]
[Round "4.5"]
[White "Rodriguez Cabrera, Francisco Javier"]
[Black "Segovia Sanchez, Antonio"]
[Result "0-1"]
[WhiteElo "1853"]
[BlackElo "2030"]
[PlyCount "116"]
[EventDate "2014.10.04"]
[EventType "swiss"]
[EventRounds "7"]
[EventCountry "ESP"]
[SourceTitle "EXT 2024"]
[Source "ChessBase"]
[SourceDate "2023.10.10"]
[SourceVersion "1"]
[SourceVersionDate "2023.10.10"]
[SourceQuality "1"]

1. e4 c6 2. d4 g6 3. Nf3 Bg7 4. Nc3 d5 5. Be3 Bg4 6. h3 Bxf3 7. Qxf3 dxe4 8. Qxe4 Nf6 9. Qf3 Nbd7 10. g4 Qa5 11. 0-0-0 0-0 12. Bc4 b5 13. Bb3 b4 14. Ne4 Nd5 15. h4 h6 16. Kb1 Qb5 17. Bc1 a5 18. c4 bxc3 19. Nxc3 Nxc3+ 20. Qxc3 c5 21. Be3 Rfc8 22. a4 Qa6 23. Qc4 Qxc4 24. Bxc4 cxd4 25. Bb5 dxe3 26. Rxd7 exf2 27. Rxe7 Rab8 28. Re2 Bd4 29. Rd2 Ba7 30. Rd7 Re8 31. Rdd1 Re4 32. g5 hxg5 33. hxg5 Rg4 34. Rd5 Rg1+ 35. Rd1 Rxg5 36. Kc2 Rc8+ 37. Kb3 Rg1 38. Bd3 Rc5 39. Rhxg1 fxg1Q 40. Rxg1 Re5 41. Rg4 Kg7 42. Rc4 Bc5 43. Re4 Kf6 44. Kc4 Bb4 45. Kd4 Bd6 46. Rf4+ Ke7 47. Re4 f6 48. Rxe5+ Bxe5+ 49. Kd5 Kf7 50. Kc4 Bxb2 51. Kd5 f5 52. Kd6 Kf6 53. Kd5 g5 54. Be2 g4 55. Bf1 Kg5 56. Ke6 f4 57. Kd5 Kh4 58. Ke4 Kg3 0-1

[Event "San Sebastian Gros op 24th"]
[Site "San Sebastian"]
[Date "2014.09.23"]
[Round "4"]
[White "Argandona Riveiro, Inigo"]
[Black "Segovia Sanchez, Antonio"]
[Result "1-0"]
[WhiteElo "2434"]
[BlackElo "2030"]
[PlyCount "119"]
[EventDate "2014.09.21"]
[EventType "swiss"]
[EventRounds "9"]
[EventCountry "ESP"]
[SourceTitle "EXT 2015"]
[Source "ChessBase"]
[SourceDate "2014.11.20"]
[SourceVersion "1"]
[SourceVersionDate "2014.11.20"]
[SourceQuality "1"]

1. c4 e5 2. g3 Nf6 3. Bg2 Nc6 4. Nc3 Bb4 5. Nd5 Bc5 6. e3 d6 7. Ne2 Bg4 8. h3 Bxe2 9. Qxe2 0-0 10. Nc3 Re8 11. d3 Bb6 12. 0-0 Qd7 13. a3 a5 14. b3 Rad8 15. Bb2 Qf5 16. Rfd1 Nd7 17. Rab1 Qg6 18. Nd5 Nc5 19. b4 Ne6 20. Ba1 axb4 21. axb4 Rd7 22. Nxb6 cxb6 23. d4 exd4 24. exd4 Rde7 25. Qd2 Ng5 26. h4 Ne4 27. Qf4 b5 28. d5 Nb8 29. cxb5 Nd7 30. Bd4 Ndf6 31. Bxf6 Qxf6 32. Qxf6 Nxf6 33. Bf3 g6 34. Rbc1 Kg7 35. Kf1 Ne4 36. Rd4 Nf6 37. Rdc4 Re5 38. Rc7 R8e7 39. b6 h5 40. Ra1 Ne8 41. Rc8 Nf6 42. Ra7 Nxd5 43. Bxd5 Rxd5 44. Rc7 Re6 45. Rcxb7 Rf6 46. Re7 Rb5 47. b7 d5 48. Ra5 Rfb6 49. Ra7 Rf6 50. Rd7 Kh7 51. b8Q Rxb8 52. Rxf7+ Rxf7 53. Rxf7+ Kg8 54. Rf4 Kg7 55. Ke2 Rb6 56. Kd3 Rb5 57. Kc3 g5 58. hxg5 Kg6 59. Rd4 Kxg5 60. Kb3 1-0

[Event "Euskadi-chT (Vasca) Div Honor"]
[Site "Bergara"]
[Date "2014.02.08"]
[Round "5.2"]
[White "Segovia Sanchez, Antonio"]
[Black "Etchegaray, Patrice"]
[Result "0-1"]
[WhiteElo "2068"]
[BlackElo "2391"]
[PlyCount "90"]
[EventDate "2014.01.11"]
[EventType "team-tourn"]
[EventRounds "9"]
[EventCountry "ESP"]
[SourceTitle "EXT 2024"]
[Source "ChessBase"]
[SourceDate "2023.10.10"]
[SourceVersion "1"]
[SourceVersionDate "2023.10.10"]
[SourceQuality "1"]

1. d4 Nf6 2. Bf4 g6 3. e3 Bg7 4. Nf3 d6 5. Be2 0-0 6. 0-0 Nc6 7. h3 Nd7 8. Bh2 e5 9. Nc3 b6 10. dxe5 Ndxe5 11. Nxe5 Nxe5 12. Nd5 Bb7 13. c3 Re8 14. Qb3 c6 15. Nf4 d5 16. Rfd1 Qe7 17. a4 Rad8 18. Bg3 h5 19. Nd3 Nc4 20. Bf3 h4 21. Bh2 Bh6 22. Nf4 Kh7 23. Ne2 Ne5 24. Bxe5 Qxe5 25. Qb4 Qf6 26. Qd4 Qe7 27. Qd3 c5 28. Qc2 Rd6 29. b4 Red8 30. b5 d4 31. cxd4 Bxf3 32. gxf3 cxd4 33. Rxd4 Rxd4 34. exd4 Re8 35. Kf1 Qd7 36. Kg2 Qe6 37. Ng1 Rd8 38. Rd1 Bg7 39. Qd3 Rxd4 40. Qc2 Rc4 41. Qd3 Rxa4 42. Qd8 Qf5 43. Rd5 Qf4 44. Qe7 Ra2 45. Rd7 Qg3+ 0-1

[Event "Euskadi-chT (Vasca) Div Honor"]
[Site "Bergara"]
[Date "2014.02.01"]
[Round "4.5"]
[White "Segovia Sanchez, Antonio"]
[Black "Gete Rodriguez, Isidro"]
[Result "0-1"]
[WhiteElo "2068"]
[BlackElo "2138"]
[PlyCount "148"]
[EventDate "2014.01.11"]
[EventType "team-tourn"]
[EventRounds "9"]
[EventCountry "ESP"]
[SourceTitle "EXT 2024"]
[Source "ChessBase"]
[SourceDate "2023.10.10"]
[SourceVersion "1"]
[SourceVersionDate "2023.10.10"]
[SourceQuality "1"]

1. d4 Nf6 2. Bf4 e6 3. e3 c5 4. c3 Nc6 5. Nd2 d5 6. Ngf3 Bd6 7. Bg3 Qe7 8. Ne5 cxd4 9. exd4 Qc7 10. Ndf3 Ne4 11. Nd3 Nxg3 12. hxg3 Bd7 13. Qc2 h6 14. Be2 0-0-0 15. 0-0-0 Be8 16. Kb1 f6 17. Nc1 Kb8 18. Nb3 Bf7 19. Bd3 Qb6 20. Bg6 Bg8 21. Qe2 a5 22. Nc1 a4 23. Bc2 a3 24. b4 Bf7 25. Ka1 Rhe8 26. Ba4 e5 27. Qd2 Re7 28. Rde1 Nxb4 29. Ne2 e4 30. Nh4 Nd3 31. Nf5 Nxe1 32. Nxe7 Nd3 33. Nf5 Bf8 34. Rb1 Nb2 35. Ne3 Qa5 36. Bc2 Rc8 37. Nd1 Nc4 38. Qf4+ Bd6 39. Qc1 g5 40. Bb3 Bh5 41. Qc2 f5 42. Bxc4 Rxc4 43. Qb3 Rc7 44. Qc2 f4 45. gxf4 gxf4 46. Rb3 Be8 47. Qd2 Ba4 48. Rb1 Bxd1 49. Rxd1 f3 50. gxf3 exf3 51. Ng1 Bf4 52. Qe1 Qxc3+ 53. Qxc3 Rxc3 54. Kb1 Kc7 55. Nh3 Bd6 56. Ng1 b5 57. Rc1 Rxc1+ 58. Kxc1 Bg3 59. Nxf3 Bxf2 60. Kc2 h5 61. Kb3 h4 62. Kxa3 h3 63. Kb4 Kb6 64. a4 bxa4 65. Kxa4 Bxd4 66. Kb4 Bg1 67. Kc3 h2 68. Nxh2 Bxh2 69. Kd4 Kc6 70. Kd3 Kc5 71. Kc3 d4+ 72. Kd3 Bf4 73. Kc2 Kc4 74. Kd1 Kd3 0-1

[Event "Donostia Gipuzkoa-ch"]
[Site "San Sebastian"]
[Date "2013.10.05"]
[Round "1"]
[White "Segovia Sanchez, Antonio"]
[Black "Kuende Gorostidi, Jon"]
[Result "1-0"]
[WhiteElo "2059"]
[BlackElo "1799"]
[PlyCount "35"]
[EventDate "2013.10.05"]
[EventType "swiss"]
[EventRounds "7"]
[EventCountry "ESP"]
[SourceTitle "EXT 2015"]
[Source "ChessBase"]
[SourceDate "2014.11.20"]
[SourceVersion "1"]
[SourceVersionDate "2014.11.20"]
[SourceQuality "1"]

1. d4 f5 2. Bf4 d6 3. e3 Nf6 4. Nd2 Nbd7 5. Ngf3 b6 6. Bb5 h6 7. Ne5 dxe5 8. dxe5 Kf7 9. exf6 Nxf6 10. Qf3 Rb8 11. 0-0-0 Bb7 12. Bc6 Qc8 13. Nc4 Ne4 14. Ne5+ Kg8 15. Bd7 Nf6 16. Bxc8 Bxf3 17. Be6+ Kh7 18. Bxf5+ 1-0

[Event "Politiken Cup 35th"]
[Site "Helsingor"]
[Date "2013.08.02"]
[Round "8"]
[White "Holm, Kristian Stuvik"]
[Black "Segovia Sanchez, Antonio"]
[Result "1-0"]
[WhiteElo "2255"]
[BlackElo "2059"]
[PlyCount "73"]
[EventDate "2013.07.27"]
[EventType "swiss"]
[EventRounds "10"]
[EventCountry "DEN"]
[SourceTitle "CBM 155 Extra"]
[Source "ChessBase"]
[SourceDate "2013.08.26"]
[SourceVersion "1"]
[SourceVersionDate "2013.08.26"]
[SourceQuality "1"]

1. d4 Nf6 2. c4 e6 3. Nf3 d5 4. Nc3 c6 5. Bg5 Nbd7 6. e3 Qa5 7. Nd2 dxc4 8. Bxf6 Nxf6 9. Nxc4 Qc7 10. Be2 Be7 11. 0-0 0-0 12. Rc1 Bd7 13. Bf3 Rfd8 14. Qb3 Rac8 15. Rfd1 Be8 16. e4 c5 17. d5 exd5 18. exd5 b6 19. a4 Qf4 20. Ne2 Qg5 21. Qc2 Bd6 22. b3 h5 23. Qd3 g6 24. Qc3 Rc7 25. h3 Rcd7 26. a5 Bc7 27. axb6 axb6 28. Ne3 Be5 29. Qc4 Bc7 30. h4 Qe5 31. g3 Re7 32. Nf4 Ne4 33. Nxg6 fxg6 34. d6+ Re6 35. dxc7 Rc8 36. Rd8 Rxc7 37. Rxe8+ 1-0

[Event "Politiken Cup 35th"]
[Site "Helsingor"]
[Date "2013.07.30"]
[Round "5"]
[White "Stojanovski, Sandi"]
[Black "Segovia Sanchez, Antonio"]
[Result "1-0"]
[WhiteElo "2270"]
[BlackElo "2059"]
[PlyCount "81"]
[EventDate "2013.07.27"]
[EventType "swiss"]
[EventRounds "10"]
[EventCountry "DEN"]
[SourceTitle "CBM 155 Extra"]
[Source "ChessBase"]
[SourceDate "2013.08.26"]
[SourceVersion "1"]
[SourceVersionDate "2013.08.26"]
[SourceQuality "1"]

1. d4 Nf6 2. c4 e6 3. Nc3 d5 4. Bg5 Be7 5. Nf3 c6 6. e3 0-0 7. Bd3 dxc4 8. Bxc4 b5 9. Bd3 Bb7 10. 0-0 Nbd7 11. a3 h6 12. Bxf6 Bxf6 13. Ne4 Qe7 14. Rc1 e5 15. Qc2 Rfe8 16. Nxf6+ gxf6 17. Bf5 Kh8 18. Qe4 Nb6 19. Qh4 Kg7 20. Bb1 Nc4 21. Qg4+ Kf8 22. Qh5 Kg7 23. Nh4 Bc8 24. Bf5 Be6 25. Rc3 Rh8 26. Rfc1 Rag8 27. b3 Na5 28. Be4 Kf8 29. Nf5 Qxa3 30. d5 Rg5 31. dxe6 fxe6 32. Qf3 exf5 33. Bxc6 b4 34. R3c2 Nxb3 35. Rd1 Qa5 36. h4 Rg7 37. Qxf5 Rf7 38. Bd5 Nd4 39. Rc8+ Kg7 40. Qg4+ Kh7 41. Bxf7 1-0

[Event "Politiken Cup 35th"]
[Site "Helsingor"]
[Date "2013.07.29"]
[Round "4"]
[White "Segovia Sanchez, Antonio"]
[Black "Christensen, Bo Garner"]
[Result "1/2-1/2"]
[WhiteElo "2059"]
[BlackElo "2256"]
[PlyCount "140"]
[EventDate "2013.07.27"]
[EventType "swiss"]
[EventRounds "10"]
[EventCountry "DEN"]
[SourceTitle "CBM 155 Extra"]
[Source "ChessBase"]
[SourceDate "2013.08.26"]
[SourceVersion "1"]
[SourceVersionDate "2013.08.26"]
[SourceQuality "1"]

1. d4 f5 2. Bf4 Nf6 3. e3 e6 4. h3 c5 5. c3 Nc6 6. Nf3 b6 7. Nbd2 Bb7 8. Be2 Be7 9. 0-0 0-0 10. Bh2 Rc8 11. Qb1 cxd4 12. exd4 Qe8 13. Re1 Qg6 14. Bf1 Qh6 15. Nc4 Ne4 16. Qd1 g5 17. d5 Bc5 18. Ne3 Nxf2 19. Kxf2 f4 20. Kg1 fxe3 21. Qe2 g4 22. hxg4 Ba6 23. Qxa6 e2+ 24. Kh1 exf1Q+ 25. Rxf1 exd5 26. Qd3 d4 27. cxd4 Bd6 28. Ne5 Kg7 29. Kg1 Nxd4 30. Qh3 Qd2 31. g5 Ne2+ 32. Kh1 Bb8 33. Qh6+ Kg8 34. Nf3 Qxb2 35. g6 Qg7 36. gxh7+ Qxh7 37. Qg5+ Kh8 38. Ne5 Rg8 39. Qf6+ Rg7 40. Nf7+ Kg8 41. Nh6+ Qxh6 42. Qxh6 Bxh2 43. Kxh2 Rh7 44. Qxh7+ Kxh7 45. Rf2 Nc3 46. Rf7+ Kg6 47. Rxd7 Ne2 48. Rd3 Kf5 49. Rf1+ Ke4 50. Rff3 Nd4 51. Rfe3+ Kd5 52. Rh3 Rd8 53. Ra3 a5 54. Rh6 Kc5 55. Re3 b5 56. Rh5+ Kc4 57. g4 a4 58. a3 Rf8 59. Kg2 Rf4 60. g5 Nf5 61. Re5 b4 62. axb4 Kxb4 63. g6 Nh4+ 64. Kg3 Nxg6 65. Rb5+ Ka3 66. Rh1 Ka2 67. Rg5 Rf6 68. Rh6 a3 69. Rhxg6 Rxg6 70. Rxg6 Ka1 1/2-1/2

[Event "Donostia Spring op 09th"]
[Site "Donostia"]
[Date "2013.05.18"]
[Round "6"]
[White "Segovia Sanchez, Antonio"]
[Black "Sanz Rodero, Mikel"]
[Result "1-0"]
[WhiteElo "2033"]
[BlackElo "2117"]
[PlyCount "89"]
[EventDate "2013.04.19"]
[EventType "swiss"]
[EventRounds "8"]
[EventCountry "ESP"]
[SourceTitle "EXT 2024"]
[Source "ChessBase"]
[SourceDate "2023.10.10"]
[SourceVersion "1"]
[SourceVersionDate "2023.10.10"]
[SourceQuality "1"]

1. d4 Nf6 2. Bf4 e6 3. e3 c5 4. Nd2 b6 5. Ngf3 Bb7 6. Bd3 Be7 7. h3 0-0 8. c3 cxd4 9. exd4 d6 10. Qe2 Nbd7 11. 0-0 Re8 12. Ba6 Qc8 13. Bxb7 Qxb7 14. a4 a6 15. c4 d5 16. b3 Bb4 17. Rfc1 Rac8 18. Ne1 Red8 19. Nd3 Bxd2 20. Qxd2 dxc4 21. bxc4 Qe4 22. Qe3 h6 23. Qxe4 Nxe4 24. Rab1 g5 25. f3 Nef6 26. Bg3 Rc6 27. Nb4 Rcc8 28. Nd3 a5 29. Rb5 Rc6 30. c5 Rdc8 31. Bf2 Nd5 32. Rc2 Kf8 33. Bg3 f6 34. f4 Kf7 35. fxg5 hxg5 36. Be1 Ne3 37. Re2 Nf5 38. Bf2 Ra8 39. d5 exd5 40. cxb6 d4 41. Rxf5 Rxb6 42. Bxd4 Rd6 43. Ne5+ Nxe5 44. Bxe5 Re6 45. Kf1 1-0

[Event "Donostia Spring op 09th"]
[Site "Donostia"]
[Date "2013.05.04"]
[Round "4"]
[White "Segovia Sanchez, Antonio"]
[Black "Etxagibel Larranaga, Asier"]
[Result "0-1"]
[WhiteElo "2033"]
[BlackElo "2124"]
[PlyCount "100"]
[EventDate "2013.04.19"]
[EventType "swiss"]
[EventRounds "8"]
[EventCountry "ESP"]
[SourceTitle "EXT 2024"]
[Source "ChessBase"]
[SourceDate "2023.10.10"]
[SourceVersion "1"]
[SourceVersionDate "2023.10.10"]
[SourceQuality "1"]

1. d4 Nf6 2. Bf4 c5 3. e3 Qb6 4. Nc3 e6 5. Nf3 Be7 6. Ne5 d5 7. dxc5 Qxb2 8. Nb5 Qb4+ 9. c3 Qxc5 10. Rb1 Na6 11. Nd3 Qc6 12. Ne5 Qb6 13. Nc4 Qc5 14. Ncd6+ Kf8 15. Be5 Qc6 16. Be2 Nc5 17. Nxc8 Qxc8 18. Nc7 Ncd7 19. Bg3 Rb8 20. Nb5 e5 21. Qc2 a6 22. Nd4 Ne4 23. c4 Nxg3 24. hxg3 exd4 25. Rxh7 Kg8 26. Rxh8+ Kxh8 27. Qf5 Nf6 28. Qe5 dxc4 29. Bxc4 dxe3 30. fxe3 Qe8 31. Ke2 Rc8 32. Bd3 Bc5 33. Qf4 b5 34. Rh1+ Kg8 35. e4 Qe6 36. Qh4 Qg4+ 37. Qxg4 Nxg4 38. Rh5 Nf6 39. Rf5 Bd4 40. e5 Re8 41. Kd2 Rxe5 42. Rf3 a5 43. Bc2 b4 44. Kd3 Bc3 45. Kc4 Nd7 46. Kd3 g6 47. Kc4 Nb6+ 48. Kd3 Kg7 49. Rf4 f6 50. Bd1 Rd5+ 0-1

[Event "Donostia Spring op 09th"]
[Site "Donostia"]
[Date "2013.04.19"]
[Round "1"]
[White "Kerexeta Zabala, Markel"]
[Black "Segovia Sanchez, Antonio"]
[Result "0-1"]
[WhiteElo "1641"]
[BlackElo "2033"]
[PlyCount "66"]
[EventDate "2013.04.19"]
[EventType "swiss"]
[EventRounds "8"]
[EventCountry "ESP"]
[SourceTitle "EXT 2024"]
[Source "ChessBase"]
[SourceDate "2023.10.10"]
[SourceVersion "1"]
[SourceVersionDate "2023.10.10"]
[SourceQuality "1"]

1. e4 g6 2. Nf3 Bg7 3. Bc4 e6 4. Bb3 c5 5. 0-0 Nc6 6. c3 Qc7 7. d4 d6 8. d5 exd5 9. exd5 Nce7 10. Ba4+ Bd7 11. Bb3 h6 12. c4 0-0-0 13. Nc3 g5 14. Qd3 Ng6 15. Re1 N8e7 16. Re3 Nf4 17. Qd1 Neg6 18. Ne2 Bg4 19. Nxf4 Nxf4 20. h3 Bh5 21. Re4 Be5 22. Bxf4 gxf4 23. Rxe5 dxe5 24. g4 fxg3 25. fxg3 e4 26. g4 Qg3+ 27. Kf1 exf3 28. Qc2 Qxh3+ 29. Kf2 Qg2+ 30. Ke3 Rde8+ 31. Kd3 Bg6+ 32. Kc3 Re3+ 33. Qd3 Rxd3# 0-1

[Event "San Sebastian op 36th"]
[Site "San Sebastian"]
[Date "2013.03.27"]
[Round "6"]
[White "Segovia Sanchez, Antonio"]
[Black "Espin Laborde, Jesus Maria"]
[Result "1-0"]
[WhiteElo "2018"]
[BlackElo "1742"]
[PlyCount "119"]
[EventDate "2013.03.23"]
[EventType "swiss"]
[EventRounds "9"]
[EventCountry "ESP"]
[SourceTitle "CBM 153 Extra"]
[Source "ChessBase"]
[SourceDate "2013.04.22"]
[SourceVersion "1"]
[SourceVersionDate "2013.04.22"]
[SourceQuality "1"]

1. d4 Nf6 2. Nf3 e6 3. g3 d5 4. c4 dxc4 5. Qa4+ Bd7 6. Qxc4 Bc6 7. Bg2 Qd5 8. Qc2 Bb4+ 9. Bd2 Bxd2+ 10. Nbxd2 0-0 11. 0-0 Qd8 12. Rac1 Nbd7 13. Rfd1 Rc8 14. Qb3 Nb6 15. Qd3 a6 16. e4 Bb5 17. Qe3 c6 18. Ne5 Nbd7 19. Nec4 Qe7 20. b3 c5 21. e5 Nd5 22. Bxd5 cxd4 23. Qxd4 exd5 24. Qxd5 Bc6 25. Qd6 Qe6 26. Qxe6 fxe6 27. Nd6 Rb8 28. Re1 g5 29. Rc4 Kg7 30. Rg4 Kh6 31. h4 gxh4 32. Rxh4+ Kg7 33. f4 Nc5 34. Re2 h6 35. Reh2 Rh8 36. Rg4+ Kf8 37. Rg6 Bd5 38. Rgxh6 Rxh6 39. Rxh6 Kg7 40. Rh2 a5 41. Kf2 b5 42. Ke3 Nb7 43. Nxb5 Rc8 44. Ne4 Rc1 45. Nbc3 Re1+ 46. Kd4 Bc6 47. Nc5 Nxc5 48. Kxc5 Bf3 49. Kb5 Re3 50. Na4 Be4 51. Nc5 Bf5 52. Kxa5 Rxg3 53. b4 Ra3+ 54. Kb6 Rf3 55. a4 Rxf4 56. b5 Rd4 57. a5 Rd5 58. a6 Rd8 59. a7 Re8 60. Ra2 1-0

[Event "Euskadi-chTB"]
[Site "Bergara"]
[Date "2013.01.19"]
[Round "2.3"]
[White "Marchena Hurtado, Javier"]
[Black "Segovia Sanchez, Antonio"]
[Result "1-0"]
[WhiteElo "2098"]
[BlackElo "2009"]
[PlyCount "46"]
[EventDate "2013.01.12"]
[EventType "team-tourn"]
[EventRounds "9"]
[EventCountry "ESP"]
[SourceTitle "EXT 2014"]
[Source "ChessBase"]
[SourceDate "2013.11.20"]
[SourceVersion "1"]
[SourceVersionDate "2013.11.20"]
[SourceQuality "1"]

1. d4 d5 2. c4 c6 3. Nf3 g6 4. Nc3 Bg7 5. e3 Nf6 6. Be2 0-0 7. 0-0 Nbd7 8. cxd5 cxd5 9. Qb3 e6 10. Bd2 Ne4 11. Rfd1 Nxd2 12. Rxd2 a6 13. Rc2 Re8 14. Rac1 Bf8 15. e4 Bh6 16. Rd1 Nb6 17. Ne5 Bf8 18. Bf3 f6 19. Nd3 dxe4 20. Bxe4 Be7 21. Nc5 Rb8 22. Nxb7 Qc7 23. Ne2 Qxc2 1-0